000 00454nam a2200133Ia 4500
003 GCL
008 140319s9999 xx 000 0 ara d
040 _aGCL /
_cGCL
082 0 4 _a370.193
_bش م
245 1 0 _aالمذهب التربوى عند السمعانى
260 _a[S.N] :
_bدار اقرا للنشر والتوزيع والطباعة ،
_c1984
300 _a268 ص
490 _aموسوعة التربية والتعليم الاسلامية
_v0
999 _c29714
_d29714